| 000 | 00393 a2200133 4500 | ||
|---|---|---|---|
| 005 | 20250617144337.0 | ||
| 020 | _a0-471-89624-1 | ||
| 082 | _aLM 681.2 CHI | ||
| 100 | _aCHIANG, H. H. | ||
| 245 | _aElectrical and Electronic Instrumentation | ||
| 260 |
_aNew York, _bJohn Wiley & Sons, _c1984. |
||
| 300 |
_axi, 588p.: ill.; figure, picture, table. _bBibliography, index. _c25cm. |
||
| 942 |
_2ddc _cBKS |
||
| 999 |
_c4229 _d4229 |
||